Statistics for Updated Top 5 Cities in New Mexico by Population

Click here to take the quiz!

General Stats

  • This quiz has been taken 20 times
  • The average score is 4 of 5

Answer Stats

CountyCity% Correct
BernalilloAlbuquerque
94%
----------Santa Fe
94%
Dona AnaLas Cruces
63%
BernalilloRio Rancho
50%
ChavesRoswell
50%

Score Distribution

Percentile by Number Answered

Percent of People with Each Score

Your Score History

You have not taken this quiz